Faktory ovlivňující zapojení žen v mikrofinancích
Pojem mikrofinancie. Identifikácia a kvantifikovanie možných príčin poklesu podielu ženských dlžníkov v MFIs.
Saved in:
| Main Author: | |
|---|---|
| Other Authors: | , |
| Format: | Book Chapter |
| Language: | Czech |
| Subjects: | |
| Tags: |
No Tags, Be the first to tag this record!
|
MARC
| LEADER | 00000naa a2200000 4500 | ||
|---|---|---|---|
| 001 | 0205453 | ||
| 005 | 20231207125927.0 | ||
| 041 | 0 | |a cze | |
| 044 | |a CZ | ||
| 245 | 1 | 0 | |a Faktory ovlivňující zapojení žen v mikrofinancích |c Karel Janda, Van Quang Tran, Pavel Zetek |
| 520 | |a Pojem mikrofinancie. Identifikácia a kvantifikovanie možných príčin poklesu podielu ženských dlžníkov v MFIs. | ||
| 610 | 2 | 0 | |a ženy |
| 610 | 2 | 0 | |a mikropodnik |
| 610 | 2 | 0 | |a pomoc finančná |
| 610 | 2 | 0 | |a služby finančné |
| 610 | 2 | 0 | |a úver |
| 610 | 2 | 0 | |a analýza regresná |
| 100 | 1 | |a Janda, Karel | |
| 700 | 1 | |a Tran, Van Quang | |
| 700 | 1 | |a Zetek, Pavel | |